All Super Mario Bros. Wonder Levels - Statistics

General Stats
  • This quiz has been taken 9 times
  • The average score is 3 of 108
Answer Stats
World Level % Correct
Pipe-Rock Plateau Welcome to the Flower Kingdom
100%
Pipe-Rock Plateau Piranha Plants on Parade
67%
Fungi Mines Operation Poplin Rescue
17%
Pipe-Rock Plateau Pipe-Rock Plateau Palace
17%
Petal Isles The Final Battle! Bowser’s Rage Stage
17%
Special World The Final-Final Test: Badge Marathon
17%
Special World The Final Test: Wonder Gauntlet
17%
Shining Falls The Final Trial: Zip Track Dash
17%
Fungi Mines A Final Uncharted Area: Poison Ruins
0%
Shining Falls An Empty Park?
0%
Pipe-Rock Plateau Angry Spikes and Sinkin’ Pipes
0%
Fungi Mines Another Uncharted Area: Swaying Ruins
0%
Fungi Mines An Uncharted Area: Wubba Ruins
0%
Sunbaked Desert Armads on the Roll
0%
Fungi Mines Beware of the Rifts
0%
Petal Isles Blewbird Roost
0%
Sunbaked Desert Bloomps of the Desert Skies
0%
Sunbaked Desert Bouncy Tunes
0%
Pipe-Rock Plateau Bulrush Coming Through!
0%
Pipe-Rock Plateau Bulrush Express
0%
Fluff-Puff Peaks Cloud Cover
0%
Sunbaked Desert Color Switch Dungeon
0%
Fluff-Puff Peaks Condarts Away!
0%
Pipe-Rock Plateau Cosmic Hoppos
0%
Fluff-Puff Peaks Countdown to Drop Down
0%
Fluff-Puff Peaks Cruising with Linking Lifts
0%
Deep Magma Bog Deep Magma Bog Flying Battleship
0%
Deep Magma Bog Deep Magma Bog Palace
0%
Special World Deep Magma Bog Special: Solar Roller
0%
Petal Isles Downpour Uproar
0%
Deep Magma Bog Dragon Boneyard
0%
Petal Isles Evade the Seeker Bullet Bills!
0%
Sunbaked Desert Flight of the Bloomps
0%
Sunbaked Desert Floating Wonder Tokens
0%
Fluff-Puff Peaks Fluff-Puff Kerfuff
0%
Fluff-Puff Peaks Fluff-Puff Peaks Battleship
0%
Fluff-Puff Peaks Fluff-Puff Peaks Palace
0%
Special World Fluff-Puff Peaks Special: Climb to the Beat
0%
Fungi Mines Fungi Funk
0%
Special World Fungi Mines Special: Dangerous Donut Ride
0%
Petal Isles Gnawsher Lair
0%
Pipe-Rock Plateau Here Come the Hoppos
0%
Petal Isles High-Voltage Gauntlet
0%
Deep Magma Bog Hot-Hot-Hot!
0%
Deep Magma Bog Hot-Hot Rocks
0%
Pipe-Rock Plateau Hurry, Hurry
0%
Deep Magma Bog Item Park
0%
Petal Isles Jewel-Block Cave
0%
Fluff-Puff Peaks Jump! Jump! Jump!
0%
Fluff-Puff Peaks Kick It, Outmaway
0%
Petal Isles KnuckleFest: Bowser’s Blazing Beats
0%
Petal Isles Leaping Smackerel
0%
Sunbaked Desert Lights Out
0%
Fungi Mines Light-Switch Mansion
0%
Deep Magma Bog Magma Flare Up
0%
Petal Isles Maw-Maw Mouthful
0%
Petal Isles Missile Meg Mayhem
0%
Petal Isles Muncher Fields
0%
Sunbaked Desert Ninji Jump Party
0%
Fluff-Puff Peaks Outmaway Valley
0%
Petal Isles Petal Isles Flying Battleship
0%
Special World Petal Isles Special: Way of the Goomba
0%
Petal Isles Petal Meddle
0%
Sunbaked Desert Pipe Park
0%
Special World Pipe-Rock Plateau Special: Bounce, Bounce, Bounce
0%
Pipe-Rock Plateau Pipe-Rock Rumble
0%
Fluff-Puff Peaks Pokipede Pass
0%
Fluff-Puff Peaks Pole Block Passage
0%
Pipe-Rock Plateau Pop Up, Hoppo
0%
Deep Magma Bog Pull, Turn, Burn
0%
Fluff-Puff Peaks Puzzling Park
0%
Deep Magma Bog Raarghs in the Ruins
0%
Sunbaked Desert Raise the Stage
0%
Sunbaked Desert Revver Run
0%
Petal Isles Robbird Cove
0%
Pipe-Rock Plateau Rolla Koopa Derby
0%
Sunbaked Desert Rolling Ball Hall
0%
Shining Falls Royal Seed Mansion
0%
Pipe-Rock Plateau Scram, Skadaddlers
0%
Sunbaked Desert Secrets of Shova Mansion
0%
Special World Shining Falls Special: Triple Threat Deluge
0%
Pipe-Rock Plateau Sproings in the Twilight Forest
0%
Sunbaked Desert Sunbaked Desert Palace
0%
Special World Sunbaked Desert Special: Pole Block Allure
0%
Sunbaked Desert Sunbaked Skirmish
0%
Pipe-Rock Plateau Swamp Pipe Crawl
0%
Fungi Mines Taily’s Toxic Pond
0%
Shining Falls The Anglefish Trial: Ready, Aim, Fly!
0%
Sunbaked Desert The Desert Mystery
0%
Shining Falls The Hoppycat Trial: Hop, Hop and Awaaay
0%
Shining Falls The Midway Trial: Hop to It
0%
Special World The Semifinal Test: Piranha Plant Reprise
0%
Shining Falls The Sharp Trial: Launch to Victory
0%
Shining Falls The Sugarstar Trial: Across the Night Sky
0%
Shining Falls Timer-Switch Climb
0%
Shining Falls Timer-Switch Dash
0%
Sunbaked Desert Treasure Vault
0%
Fungi Mines Trottin’ Piranha Plants
0%
Fungi Mines Tumble House
0%
Shining Falls Unreachable Treasure
0%
Fluff-Puff Peaks Up ‘n’ Down with Puffy Lifts
0%
Fungi Mines Upshroom Downshroom
0%
Sunbaked Desert Valley Fulla Snootles
0%
Shining Falls Watery Wonder Tokens
0%
Deep Magma Bog Wavy Ride Through the Magma Tube
0%
Deep Magma Bog Where the Rrrumbas Rule
0%
Pipe-Rock Plateau Wonder Token Tunes
0%
Fluff-Puff Peaks Zip-Go Round
0%
No matching quizzes found
Score Distribution
Percent of People with Each Score
Percentile by Number Answered
Your Score History
You have not taken this quiz